Reflexia problematiky známkového práva v judikatúre súdneho dvora
Oblasti v rámci známkového práva, ktoré sú rozhodnutiami Európského súdneho dvora najviac ovplyvnené, a to nielen z hľadiska práva, ale aj z hľadiska marketingového riadenia. Ilustračné príklady.
Salvato in:
| Autore principale: | |
|---|---|
| Altri autori: | |
| Natura: | Capitolo di libro |
| Lingua: | slovacco |
| Soggetti: | |
| Tags: |
Nessun Tag, puoi essere il primo ad aggiungerne!!
|
MARC
| LEADER | 00000naa a2200000 4500 | ||
|---|---|---|---|
| 001 | 0207893 | ||
| 005 | 20220722104249.2 | ||
| 041 | 0 | |a slo | |
| 044 | |a SK | ||
| 245 | 1 | 0 | |a Reflexia problematiky známkového práva v judikatúre súdneho dvora |c Katarína Gubíniová, Ján Putz |
| 520 | |a Oblasti v rámci známkového práva, ktoré sú rozhodnutiami Európského súdneho dvora najviac ovplyvnené, a to nielen z hľadiska práva, ale aj z hľadiska marketingového riadenia. Ilustračné príklady. | ||
| 610 | 2 | 0 | |a právo značkové |
| 610 | 2 | 0 | |a právo priemyselné |
| 610 | 2 | 0 | |a Súdny dvor Európskej únie |
| 610 | 2 | 0 | |a marketing |
| 610 | 2 | 0 | |a známky ochranné |
| 100 | 1 | |a Gubíniová, Katarína | |
| 700 | 1 | |a Putz, Ján | |